00441cam a2200157ua 45000010005000000080039000050400009000440820011000531000028000642450064000922500010001562600035001663000021002016530014002226530047002362055110805n ii |||gr||||Z||||||eng cMAIN a370.54 aMathur, S. S.,eAuthor.1 a Sociological approach to indian educationcby S. S. Mathur a10th. aAgra:bVinod Putak Mandir,997. axx; 511p:c23cm. aEducation a Sociological approach to indian education